000 00562nam a2200205Ii 4500
001 7829
003 CO-ViMGA
008 241108s9999||||xx |||||||||||||| ||und||
040 _aCO-ViMGA
_bspa
_erda
_cCO-ViMGA
041 0 _aspa
084 _aN MOR12c
100 1 _aAlberto Moravia
_944354
245 1 0 _aLa campesina
264 1 _aBuenos Aires, Argentina : Losada, 1968
300 _avolumen
336 _atext
_btxt
_2rdacontent
337 _aunmediated
_bn
_2rdamedia
338 _avolume
_bnc
_2rdacarrier
940 _aidficha_siabuc: 7654. -- ficha_no_siabuc:7829
999 _c38808
_d38808